schlecht gezeichnete Minecraft Items - Statistics

General Stats
  • This quiz has been taken 6 times
  • The average score is 9 of 16
Answer Stats
Picture Answer % Correct
Bread
100%
Cake
83%
Leather
83%
Blaze Rod
67%
Copper Ingot
67%
Lily Pad
67%
Spyglass
67%
End Crystal
50%
Kelp
50%
Raw Iron
50%
Amethyst Cluster
33%
Bucket of Axolotl
33%
Goat Horn
33%
Rabbit Stew
33%
Minecart with TNT
17%
Rib Armor Trim
17%
No matching quizzes found
Score Distribution
Percent of People with Each Score
Percentile by Number Answered
Your Score History
You have not taken this quiz